000 01026 a2200229 4500
001 25223
005 20260407155536.0
008 260407a1997 arg spa d
003 AR-UNSa-BCEJYS
040 _aAR-UNSa-BCEJYS
_bspa
_cAR-UNSa-BCEJYS
080 _a343.359
_xDelitos contra el fisco y otras autoridades administrativas (Derecho Penal Tributario, Delitos fiscales)
245 1 0 _aNuevo régimen penal tributario
_pLey 24.769
020 _a950-739-496-6
264 1 _aBuenos Aires :
_bErrepar
_c1997
300 _a110 p.
_c19 cm.
505 _a1. Antecedentes y conceptos generales - 2. Delitos Tributarios - 3. Delitos relativos a los recursos de la seguridad social - 4. Delitos comunes(tributario y de la seguridad social) - 5. Situaciones particulares - 6. Regimen procesal de la ley 24.769 - 7. Aplicación del código procesal penal de la nación.
942 _cBK
590 _aniveau_biblio:m niveau_hierar:0
100 1 _aVerón, Alberto Víctor
650 _aLey Nº 24.769
650 _a ley nº 24 769
999 _c1331
_d1331